搭火车玩欧洲 (Record no. 62369)

000 -LEADER
fixed length control field 00517nam a22001937a 4500
003 - CONTROL NUMBER IDENTIFIER
control field MPLRDC
005 - DATE AND TIME OF LATEST TRANSACTION
control field 20220104183341.0
008 - FIXED-LENGTH DATA ELEMENTS--GENERAL INFORMATION
fixed length control field 210129b ||||| |||| 00| 0 eng d
020 ## - INTERNATIONAL STANDARD BOOK NUMBER
International Standard Book Number 986-6887-76-5
082 ## - DEWEY DECIMAL CLASSIFICATION NUMBER
Classification number 719.4 XFL
100 ## - MAIN ENTRY--PERSONAL NAME
Personal name 许斐莉、墨刻编辑部
245 ## - TITLE STATEMENT
Title 搭火车玩欧洲
Statement of responsibility, etc. 墨刻摄影组摄影
250 ## - EDITION STATEMENT
Edition statement 初版
260 ## - PUBLICATION, DISTRIBUTION, ETC.
Place of publication, distribution, etc. 台湾
Name of publisher, distributor, etc. 墨刻出版股份有限公司
Date of publication, distribution, etc. 2008
300 ## - PHYSICAL DESCRIPTION
Other physical details
490 ## - SERIES STATEMENT
Series statement MOOK自游自在. 211
650 ## - SUBJECT ADDED ENTRY--TOPICAL TERM
Topical term or geographic name entry element 欧洲游记
942 ## - ADDED ENTRY ELEMENTS (KOHA)
Koha item type Book
-- 719.4 XFL
Holdings
Withdrawn status Lost status Source of classification or shelving scheme Damaged status Not for loan Collection code Home library Current library Shelving location Date acquired Cost, normal purchase price Total Checkouts Full call number Barcode Date last seen Date last checked out Price effective from Koha item type Public note
            Malaysian Public Library, Research and Development Centre Malaysian Public Library, Research and Development Centre   15/03/2009 51.40   719.4 XFL 00056823 18/03/2021 22/06/2018 18/03/2021 Book mplrdc

© 2022. Malaysian Public Library, Research and Development Centre. All Right ReservedE-mailmplrdc@help.edu.my 

Powered by Koha